Ako tolerujú pacienti črevné resekcie?

Bibliographic Details
Main Authors: Horn, František, 1964- (Author), Babala, Jozef, 1965- (Author), Hrubišová, Z. (Author), Chudíková, E. (Author), Pevalová, Ľubica, 1949- (Author), Hornová, Jarmila, 1964- (Author), Siman, Jaroslav, 1933-2008 (Author)
Format: Article
Language:Slovak
ISSN:0069-2328
Subjects:

MARC

LEADER 00000nab a2200000 a 4500
001 vtls000790730
003 SK-MaSNL
005 20260302160006.0
008 141112c2001 xo 0 slo
015 |a SNBRB2002/05-15011 
035 |a CLN000142385 
040 |a SNKBUCL  |b slo  |c SNKBUCL  |e AACR2 
041 0 |a slo 
044 |a xo  |c SK 
080 |a 616.34-007-089-053.2  |2 1997 
245 0 0 |a Ako tolerujú pacienti črevné resekcie?  |c F. Horn ... [et al.] 
650 0 7 |a črevo  |x abnormality  |x chirurgia  |x deti  |2 snkbucl  |9 855350 
650 0 7 |a deti  |2 snkbucl  |9 773 
650 0 7 |a dojčatá  |2 snkbucl  |9 31365 
655 7 |a články z novín a časopisov  |2 snkbucl  |9 267496 
700 1 |a Horn, František,  |d 1964-  |4 aut  |9 19966 
700 1 |a Babala, Jozef,  |d 1965-  |4 aut  |9 159403 
700 1 |a Hrubišová, Z.  |4 aut  |9 855351 
700 1 |a Chudíková, E.  |4 aut  |9 855352 
700 1 |a Pevalová, Ľubica,  |d 1949-  |4 aut  |9 40346 
700 1 |a Hornová, Jarmila,  |d 1964-  |4 aut  |9 15035 
700 1 |a Siman, Jaroslav,  |d 1933-2008  |4 aut  |9 18566 
773 0 |t Česko-slovenská pediatrie  |g Roč. 56, č. S1 (2001), s. S 54  |x 0069-2328 
850 |a Slovenská národná knižnica v Martine 
852 |a SNK  |b KIS3GCP 
958 |a MI 
999 |c 1373248  |d 1375178